Country Names Containing a "D" and "U" - Statistics

General Stats
  • This quiz has been taken 158 times
  • The average score is 10 of 14
Answer Stats
Hint Answer % Correct
9 United Kingdom
91%
5 United States of America
89%
7 United Arab Emirates
83%
11 Uganda
80%
6 South Sudan
78%
14 Sudan
76%
12 Democratic Republic of the Congo
74%
13 Djibouti
74%
2 Dominican Republic
74%
10 Saudi Arabia
70%
4 Burundi
69%
1 Antigua and Barbuda
65%
8 Honduras
65%
3 Ecuador
55%
No matching quizzes found
Score Distribution
Percent of People with Each Score
Percentile by Number Answered
Your Score History
You have not taken this quiz